LEADER 01165nam--2200373---450- 001 990001040000203316 035 $a0104000 035 $aUSA010104000 035 $a(ALEPH)000104000USA01 035 $a0104000 100 $a20020318d--------km-y0itay0103----ba 101 $aita 102 $aIT 110 $aaga-------- 200 1 $aMass media$erivista bimestrale di comunicazionae 210 $aCavallino$cCapone 215 $a14 v.$d24 cm 300 $aTit. della cop. - Comincia nel 1982 e cessa nel 1995. - Descrizione basata su : Anno 8 n.1(gennaio-febbraio 1989) 326 $aPubblica 5 n. l'anno 410 $12001 421 1$1001-------$12001 430 1$1001-------$12001 606 0 $aComunicazione di massa 676 $a302.23 801 0$aIT$bsalbc$gISBD 912 $a990001040000203316 958 $aLM$bFONDO$cAnno 3, n.3 (maggio-giugno 1984)-anno 14 n. 3-4 (maggio-settembre 1995); scompleti 1984-1985,1989,1995 959 $aSE 969 $aUMA 979 $aPATTY$b90$c20020318$lUSA01$h1553 979 $c20020403$lUSA01$h1744 979 $aPATRY$b90$c20040406$lUSA01$h1712 996 $aMass Media$9456410 997 $aUNISA LEADER 01643nlm0 22004571i 450 001 990009244330403321 010 $a9783540320005 035 $a000924433 035 $aFED01000924433 035 $a(Aleph)000924433FED01 035 $a000924433 100 $a20100926d2005----km-y0itay50------ba 101 0 $aeng 102 $aDE 135 $adrnn-008mamaa 200 1 $aComputer Safety, Reliability, and Security$bRisorsa elettronica$e24th International Conference, SAFECOMP 2005, Fredrikstad, Norway, September 28-30, 2005. Proceedings$fedited by Rune Winther, Bjørn Axel Gran, Gustav Dahll 210 $aBerlin ; Heidelberg$cSpringer$d2005 225 1 $aLecture Notes in Computer Science$x0302-9743$v3688 230 $aDocumento elettronico 336 $aTesto 337 $aFormato html, pdf 702 1$aDahll,$bGustav 702 1$aGran,$bBjørn Axel 702 1$aWinther,$bRune 801 0$aIT$bUNINA$gREICAT$2UNIMARC 856 4 $zFull text per gli utenti Federico II$uhttp://dx.doi.org/10.1007/11563228 901 $aEB 912 $a990009244330403321 961 $aCoding and Information Theory 961 $aCoding theory 961 $aComputer science 961 $aComputer Science 961 $aInformation Systems 961 $aLogic design 961 $aLogics and Meanings of Programs 961 $aManagement of Computing and Information Systems 961 $aSoftware engineering 961 $aSoftware Engineering/Programming and Operating Systems 961 $aSpecial Purpose and Application-Based Systems 996 $aComputer Safety, Reliability, and Security$9772429 997 $aUNINA LEADER 00986nam0-22003011i-450- 001 990006494980403321 005 20001010 035 $a000649498 035 $aFED01000649498 035 $a(Aleph)000649498FED01 035 $a000649498 100 $a20001010d--------km-y0itay50------ba 101 0 $aita 105 $ay-------001yy 200 1 $aRUTH First$ealle radici dell'apartheid$eantologia sulla storia, la forza lavoro migrante, le economie contadine in Africaaustrale$fA cura di Anna Maria Gentili$gintroduzione di F. Rigaux 210 $aMilano$cAngeli$d1984. 215 $a222 p.$d22 cm 225 1 $aFondazione internazionale Lelio Basso per il diritto e la liberazione dei popoli$v2 676 $a330.968 702 1$aGentili,$bAnna Maria$f<1940- > 801 0$aIT$bUNINA$gRICA$2UNIMARC 901 $aBK 912 $a990006494980403321 952 $aCOLLEZ. 985 (2)$b28380$fFSPBC 959 $aFSPBC 996 $aRUTH First$9654459 997 $aUNINA DB $aGEN01